Most Influential Figure at Every AFL Club - Statistics

General Stats
  • This quiz has been taken 9 times
  • The average score is 12 of 18
Answer Stats
Team Answer % Correct
Gold Coast Gary Ablett Jr.
88%
Sydney Adam Goodes
75%
GWS Callan Ward
75%
Carlton Chris Judd
75%
Richmond Dustin Martin
75%
Melbourne Max Gawn
75%
St Kilda Nick Riewoldt
75%
Collingwood Scott Pendlebury
75%
Hawthorn Alastair Clarkson
63%
Essendon James Hird
63%
Geelong Joel Selwood
63%
Brisbane Leigh Matthews
63%
Western Bulldogs Luke Beveridge
63%
Adelaide Mark Ricciuto
63%
Fremantle Matthew Pavlich
63%
North Melbourne Brent Harvey
50%
West Coast John Worsfold
50%
Port Adelaide Mark Williams
50%
No matching quizzes found
Score Distribution
Percent of People with Each Score
Percentile by Number Answered
Your Score History
You have not taken this quiz